Report of the workong party on refuse disposal (Record no. 412886)

000 -LEADER
fixed length control field 00323cam a22001217a 4500
008 - FIXED-LENGTH DATA ELEMENTS--GENERAL INFORMATION
fixed length control field 180718b1971 xxu||||| |||| 00| 0 eng d
020 ## - INTERNATIONAL STANDARD BOOK NUMBER
International Standard Book Number 11 750368 1
082 ## - DEWEY DECIMAL CLASSIFICATION NUMBER
Classification number X83 x42 Un3 71
245 ## - TITLE STATEMENT
Title Report of the workong party on refuse disposal
Statement of responsibility, etc. By HMSO
260 ## - PUBLICATION, DISTRIBUTION, ETC.
Place of publication, distribution, etc. London
Name of publisher, distributor, etc. HMSO
Date of publication, distribution, etc. 1971
300 ## - PHYSICAL DESCRIPTION
Extent 7p.
650 ## - SUBJECT ADDED ENTRY--TOPICAL TERM
Topical term or geographic name entry element Environment
Holdings
Withdrawn status Lost status Damaged status Not for loan Permanent Location Current Location Date acquired Full call number Barcode Date last seen Price effective from Koha item type
        Indian Institute of Public Administration Indian Institute of Public Administration 2009-02-09 X83 x42 Un3 71 DA4037 2018-07-21 2018-07-21 DA

Powered by Koha